Statistics for Towns (and cities) with "town" in their names

Click here to take the quiz!

General Stats

  • This quiz has been taken 24 times
    (5 since last reset)
  • The average score is 5 of 10

Answer Stats

AreaTown% Correct
South AmericaGeorgetown
100%
AsiaGeorge Town
100%
CaribbeanKingstown
100%
AfricaCape Town
80%
AfricaFreetown
80%
OceaniaTownsville
40%
AfricaFrancistown
20%
CaribbeanSpanish Town
20%
North AmericaAllentown
0%
North AmericaCharlottetown
0%

Score Distribution

Percentile by Number Answered

Percent of People with Each Score

Your Score History

You have not taken this quiz since the last reset